00330nam a22001097a 4500082001500000100002900015245004300044250003000087260005400117300000800171650004100179 a306.69 QUR aQuraishi, Md Abdul Rahim aUphold Truths Facts Of Ayodhya Episode aMyth of Rama Janamabhoomi aHyderabadbAll India Majlis Tameer-e-Millatc2015 a232 aramjanambhoomiaAyodhyaaBanriMasjid